[Event "Moehnesee Cup-A"]
[Site "Moehnesee"]
[Date "2005.08.21"]
[Round "6"]
[White "Schubert, Gerhard"]
[Black "Vehse, Thomas"]
[Result "1/2-1/2"]
[WhiteElo "2120"]
[BlackElo "1937"]
[PlyCount "22"]
[EventDate "2005.08.18"]
[EventType "swiss"]
[EventRounds "7"]
[EventCountry "GER"]
[SourceTitle "CBM 108 Extra"]
[Source "ChessBase"]
[SourceDate "2005.11.04"]
[SourceVersion "1"]
[SourceVersionDate "2005.11.04"]
[SourceQuality "1"]

1. e4 c5 2. Nc3 Nc6 3. d3 g6 4. Be3 d6 5. Qd2 Bg7 6. Be2 h5 7. Nf3 Bg4 8. h3 Bxf3 9. Bxf3 Nd4 10. Bd1 Qa5 11. Ne2 Qxd2+ 1/2-1/2

[Event "Moehnesee Cup-A"]
[Site "Moehnesee"]
[Date "2005.08.20"]
[Round "5"]
[White "Vehse, Thomas"]
[Black "Wagner, Bernd"]
[Result "1/2-1/2"]
[WhiteElo "1937"]
[BlackElo "2102"]
[PlyCount "68"]
[EventDate "2005.08.18"]
[EventType "swiss"]
[EventRounds "7"]
[EventCountry "GER"]
[SourceTitle "CBM 108 Extra"]
[Source "ChessBase"]
[SourceDate "2005.11.04"]
[SourceVersion "1"]
[SourceVersionDate "2005.11.04"]
[SourceQuality "1"]

1. d4 Nf6 2. Nf3 g6 3. Bf4 Bg7 4. c3 0-0 5. Nbd2 d5 6. h3 Nbd7 7. e3 c5 8. Bd3 c4 9. Bc2 Nh5 10. Bh2 f5 11. g4 fxg4 12. hxg4 Nhf6 13. g5 Nh5 14. Qe2 b5 15. Nh4 Qb6 16. f4 b4 17. cxb4 Qxb4 18. Bxg6 hxg6 19. Nxg6 Ndf6 20. gxf6 Nxf6 21. 0-0 Bf5 22. a3 Qd6 23. Nxf8 Bd3 24. Qg2 Bxf1 25. Rxf1 Rxf8 26. f5 Qb6 27. Be5 Kh7 28. Qg6+ Kg8 29. Nf3 Qxb2 30. Ng5 Qxa3 31. Ne6 Qxe3+ 32. Rf2 Rf7 33. Ng5 Rf8 34. Ne6 Rf7 1/2-1/2

[Event "Bahn-chG"]
[Site "Bad Wildungen"]
[Date "2000.09.30"]
[Round "7"]
[White "Vehse, Thomas"]
[Black "Hilbig, Klaus"]
[Result "1-0"]
[WhiteElo "1950"]
[BlackElo "1580"]
[PlyCount "61"]
[EventDate "2000.09.24"]
[EventType "swiss"]
[EventRounds "7"]
[EventCountry "GER"]
[SourceTitle "EXT 2003"]
[Source "ChessBase"]
[SourceDate "2002.11.25"]
[SourceVersion "1"]
[SourceVersionDate "2002.11.25"]
[SourceQuality "1"]

1. d4 Nf6 2. Nf3 d6 3. Bf4 Nbd7 4. e3 e6 5. Bd3 c5 6. c3 Qb6 7. Qc2 h6 8. Nbd2 Nh5 9. Bg3 Nxg3 10. hxg3 d5 11. g4 c4 12. Be2 Be7 13. g5 Nf8 14. gxh6 gxh6 15. Ne5 Nd7 16. Ndf3 Nf6 17. Ng5 Ne4 18. Ngxf7 Rh7 19. Bh5 Nf6 20. 0-0-0 Rg7 21. Qa4+ Kf8 22. Nxh6 Nxh5 23. Rxh5 Bf6 24. Nhg4 Qd8 25. Rh8+ Rg8 26. Rxg8+ Kxg8 27. Nxf6+ Qxf6 28. Rh1 Qe7 29. Rh8+ Kg7 30. Qc2 Qg5 31. Qh7+ 1-0

[Event "Bahn-chG"]
[Site "Bad Wildungen"]
[Date "2000.09.27"]
[Round "4"]
[White "Mietner, Franz"]
[Black "Vehse, Thomas"]
[Result "1-0"]
[WhiteElo "1898"]
[BlackElo "1950"]
[PlyCount "49"]
[EventDate "2000.09.24"]
[EventType "swiss"]
[EventRounds "7"]
[EventCountry "GER"]
[SourceTitle "EXT 2003"]
[Source "ChessBase"]
[SourceDate "2002.11.25"]
[SourceVersion "1"]
[SourceVersionDate "2002.11.25"]
[SourceQuality "1"]

1. e4 c5 2. Nf3 Nc6 3. d4 cxd4 4. Nxd4 Nf6 5. Nc3 e6 6. a3 Qa5 7. Nb3 Qd8 8. Be3 a6 9. Be2 Be7 10. 0-0 0-0 11. f4 d5 12. e5 Ne8 13. Qd2 f6 14. Nd4 Nxd4 15. Bxd4 Bd7 16. Rad1 Rc8 17. f5 fxe5 18. Bxe5 Qb6+ 19. Kh1 Bf6 20. Qf4 Bxe5 21. Qxe5 Qxb2 22. fxe6 Qxc3 23. Rxf8+ Kxf8 24. Rf1+ Ke7 25. Rf7+ 1-0

[Event "Gemuend op"]
[Site "Gemuend"]
[Date "1999.10.25"]
[Round "2"]
[White "Vehse, Thomas"]
[Black "Morgner, Siegfried"]
[Result "1-0"]
[WhiteElo "1955"]
[BlackElo "1741"]
[PlyCount "33"]
[EventDate "1999.10.24"]
[EventType "swiss"]
[EventRounds "7"]
[EventCountry "GER"]
[SourceTitle "EXT 2003"]
[Source "ChessBase"]
[SourceDate "2002.11.25"]
[SourceVersion "1"]
[SourceVersionDate "2002.11.25"]
[SourceQuality "1"]

1. d4 Nf6 2. Nf3 g6 3. Bf4 Bg7 4. Nbd2 d6 5. e4 0-0 6. c3 Nbd7 7. Bc4 Nb6 8. Bb3 c5 9. 0-0 Nh5 10. Be3 Qc7 11. Qe2 e5 12. dxe5 dxe5 13. Qb5 Nd7 14. Bd5 a6 15. Qb3 Qb6 16. Qxb6 Nxb6 17. Bxc5 1-0

[Event "Bahn-chG"]
[Site "Baiersbronn"]
[Date "1998.10.25"]
[Round "1"]
[White "Kurscheidt, Paul"]
[Black "Vehse, Thomas"]
[Result "0-1"]
[WhiteElo "1696"]
[BlackElo "1917"]
[PlyCount "106"]
[EventDate "1998.10.25"]
[EventType "swiss"]
[EventRounds "7"]
[EventCountry "GER"]
[SourceTitle "EXT 2001"]
[Source "ChessBase"]
[SourceDate "2000.11.22"]
[SourceVersion "1"]
[SourceVersionDate "2000.11.22"]
[SourceQuality "1"]

1. e4 c5 2. Nc3 Nc6 3. Bb5 d6 4. Nf3 Bd7 5. b3 g6 6. Bb2 Bg7 7. Qc1 Nf6 8. Nd5 e6 9. Nxf6+ Bxf6 10. 0-0 0-0 11. a4 e5 12. c3 Rc8 13. Be2 Na5 14. Ra3 Qb6 15. Qc2 Bg7 16. Rb1 Kh8 17. h3 f5 18. d3 Rf6 19. Nh2 fxe4 20. dxe4 c4 21. Bxc4 Nxc4 22. bxc4 Rxc4 23. Bc1 Qc6 24. Bg5 Rf7 25. Qd3 b6 26. Rb4 Be6 27. Ng4 Rxb4 28. cxb4 Bxg4 29. hxg4 Qd7 30. Qd5 Rf8 31. Rf3 Rxf3 32. gxf3 h6 33. Qa8+ Kh7 34. Be3 Qxa4 35. Bxb6 Qd1+ 36. Kg2 axb6 37. Qc6 Qd4 38. b5 Qc5 39. Qe8 d5 40. exd5 Qxd5 41. Qc6 Qc5 42. Kf1 e4 43. fxe4 Qxc6 44. bxc6 Be5 45. Ke2 Kg7 46. Ke3 Kf7 47. f4 Bc7 48. e5 h5 49. gxh5 gxh5 50. Ke4 h4 51. f5 h3 52. e6+ Kf6 53. Kf3 b5 0-1